000 00419 a2200169 4500
001 156992
020 _a8573192348
040 _cEscola São Tomás de Aquino
100 _aVASCONCELLOS, Meiga
240 1 0 _aA boa viagem para Belo Horizonte
_lpor
245 1 0 _aA boa viagem para Belo Horizonte
300 _a72 p.
362 0 _a1998
440 1 _aDimensão
697 _a*LITERATURA INFANTO JUVENIL
942 _cBK
999 _c156992
_d156992